<?xml version="1.0" encoding="UTF-8"?>
<record
    xmlns:xsi="http://www.w3.org/2001/XMLSchema-instance"
    xsi:schemaLocation="http://www.loc.gov/MARC21/slim http://www.loc.gov/standards/marcxml/schema/MARC21slim.xsd"
    xmlns="http://www.loc.gov/MARC21/slim">

  <leader>01814nam1a2200361 i 4500</leader>
  <controlfield tag="001">RU\NLR\bibl\1183290</controlfield>
  <controlfield tag="005">20260408201419.0</controlfield>
  <datafield tag="035" ind1=" " ind2=" ">
    <subfield code="a">(NLR Aleph) 001169880</subfield>
  </datafield>
  <datafield tag="090" ind1=" " ind2=" ">
    <subfield code="a">1590591</subfield>
    <subfield code="c">1590591</subfield>
  </datafield>
  <datafield tag="100" ind1=" " ind2=" ">
    <subfield code="a">20080204g20079999k  y0rusy50      ca</subfield>
  </datafield>
  <datafield tag="101" ind1="0" ind2=" ">
    <subfield code="a">rus</subfield>
    <subfield code="a">bak</subfield>
  </datafield>
  <datafield tag="102" ind1=" " ind2=" ">
    <subfield code="a">RU</subfield>
  </datafield>
  <datafield tag="105" ind1=" " ind2=" ">
    <subfield code="a">||||z   |||||</subfield>
  </datafield>
  <datafield tag="200" ind1="1" ind2=" ">
    <subfield code="a">&#x411;&#x430;&#x448;&#x43A;&#x43E;&#x440;&#x442;&#x43E;&#x441;&#x442;&#x430;&#x43D; &#x432; XX &#x441;&#x442;&#x43E;&#x43B;&#x435;&#x442;&#x438;&#x438;&#x438;</subfield>
    <subfield code="e">&#x438;&#x441;&#x442;&#x43E;&#x440;&#x438;&#x447;&#x435;&#x441;&#x43A;&#x438;&#x435; &#x43F;&#x43E;&#x440;&#x442;&#x440;&#x435;&#x442;&#x44B;</subfield>
    <subfield code="e">[&#x441;&#x431;&#x43E;&#x440;&#x43D;&#x438;&#x43A; &#x441;&#x442;&#x430;&#x442;&#x435;&#x439;]</subfield>
    <subfield code="f">&#x420;&#x43E;&#x441;. &#x430;&#x43A;&#x430;&#x434;. &#x43D;&#x430;&#x443;&#x43A;, &#x423;&#x444;. &#x43D;&#x430;&#x443;&#x447;. &#x446;&#x435;&#x43D;&#x442;&#x440;, &#x418;&#x43D;-&#x442; &#x438;&#x441;&#x442;&#x43E;&#x440;&#x438;&#x438;, &#x44F;&#x437;&#x44B;&#x43A;&#x430; &#x438; &#x43B;&#x438;&#x442;., &#x410;&#x43A;&#x430;&#x434;. &#x43D;&#x430;&#x443;&#x43A; &#x420;&#x435;&#x441;&#x43F;. &#x411;&#x430;&#x448;&#x43A;&#x43E;&#x440;&#x442;&#x43E;&#x441;&#x442;&#x430;&#x43D;, &#x41E;&#x442;&#x434;-&#x43D;&#x438;&#x435; &#x441;&#x43E;&#x446;&#x438;&#x430;&#x43B;. &#x438; &#x433;&#x443;&#x43C;&#x430;&#x43D;&#x438;&#x442;. &#x43D;&#x430;&#x443;&#x43A;</subfield>
    <subfield code="g">[&#x43E;&#x442;&#x432;. &#x440;&#x435;&#x434;. &#x43A;.&#x438;&#x441;&#x442;.&#x43D;. &#x420;.&#x41D;. &#x421;&#x443;&#x43B;&#x435;&#x439;&#x43C;&#x430;&#x43D;&#x43E;&#x432;&#x430;]</subfield>
  </datafield>
  <datafield tag="210" ind1=" " ind2=" ">
    <subfield code="a">&#x423;&#x444;&#x430;</subfield>
    <subfield code="c">&#x413;&#x438;&#x43B;&#x435;&#x43C;</subfield>
    <subfield code="d">2007</subfield>
  </datafield>
  <datafield tag="215" ind1=" " ind2=" ">
    <subfield code="d">20</subfield>
  </datafield>
  <datafield tag="300" ind1=" " ind2=" ">
    <subfield code="a">&#x41F;&#x430;&#x440;&#x430;&#x43B;. &#x437;&#x430;&#x433;&#x43B;. &#x43D;&#x430; &#x431;&#x430;&#x448;&#x43A;. &#x44F;&#x437;.</subfield>
  </datafield>
  <datafield tag="300" ind1=" " ind2=" ">
    <subfield code="a">&#x41D;&#x430; &#x430;&#x432;&#x430;&#x43D;&#x442;&#x438;&#x442;.: 450-&#x43B;&#x435;&#x442;&#x438;&#x44E; &#x432;&#x445;&#x43E;&#x436;&#x434;&#x435;&#x43D;&#x438;&#x44F; &#x411;&#x430;&#x448;&#x43A;&#x43E;&#x440;&#x442;&#x43E;&#x441;&#x442;&#x430;&#x43D;&#x430; &#x432; &#x441;&#x43E;&#x441;&#x442;&#x430;&#x432; &#x420;&#x443;&#x441;. &#x433;&#x43E;&#x441;&#x443;&#x434;&#x430;&#x440;&#x441;&#x442;&#x432;&#x430; &#x43F;&#x43E;&#x441;&#x432;&#x44F;&#x449;&#x430;&#x435;&#x442;&#x441;&#x44F;</subfield>
  </datafield>
  <datafield tag="300" ind1=" " ind2=" ">
    <subfield code="a">&#x427;&#x430;&#x441;&#x442;&#x44C; &#x442;&#x435;&#x43A;&#x441;&#x442;&#x430; &#x43D;&#x430; &#x431;&#x430;&#x448;&#x43A;. &#x44F;&#x437;.</subfield>
  </datafield>
  <datafield tag="309" ind1=" " ind2=" ">
    <subfield code="a">1-&#x439; &#x432;&#x44B;&#x43F;. &#x432;&#x44B;&#x448;&#x435;&#x43B; &#x43D;&#x435;&#x43D;&#x443;&#x43C;&#x435;&#x440;.</subfield>
  </datafield>
  <datafield tag="463" ind1=" " ind2="0">
    <subfield code="1">0011152243</subfield>
  </datafield>
  <datafield tag="463" ind1=" " ind2="0">
    <subfield code="1">0011845126</subfield>
  </datafield>
  <datafield tag="607" ind1=" " ind2=" ">
    <subfield code="a">&#x411;&#x430;&#x448;&#x43A;&#x43E;&#x440;&#x442;&#x43E;&#x441;&#x442;&#x430;&#x43D;, &#x420;&#x435;&#x441;&#x43F;&#x443;&#x431;&#x43B;&#x438;&#x43A;&#x430;</subfield>
    <subfield code="x">&#x414;&#x435;&#x44F;&#x442;&#x435;&#x43B;&#x438;</subfield>
    <subfield code="j">&#x421;&#x431;&#x43E;&#x440;&#x43D;&#x438;&#x43A;&#x438;</subfield>
    <subfield code="3">RU\NLR\auth\661467923</subfield>
    <subfield code="9">2471651</subfield>
  </datafield>
  <datafield tag="686" ind1=" " ind2=" ">
    <subfield code="a">&#x422;3(2&#x420;-6&#x411;)&#x44F;43</subfield>
  </datafield>
  <datafield tag="702" ind1=" " ind2="1">
    <subfield code="4">340</subfield>
    <subfield code="a">&#x421;&#x443;&#x43B;&#x435;&#x439;&#x43C;&#x430;&#x43D;&#x43E;&#x432;&#x430;</subfield>
    <subfield code="b">&#x420;. &#x41D;.</subfield>
    <subfield code="c">&#x434;-&#x440; &#x438;&#x441;&#x442;. &#x43D;&#x430;&#x443;&#x43A;</subfield>
    <subfield code="f">1960-</subfield>
    <subfield code="g">&#x420;&#x438;&#x43C;&#x430; &#x41D;&#x443;&#x433;&#x430;&#x43C;&#x430;&#x43D;&#x43E;&#x432;&#x43D;&#x430;</subfield>
    <subfield code="9">136123</subfield>
    <subfield code="3">RU\NLR\AUTH\770136158</subfield>
  </datafield>
  <datafield tag="712" ind1="0" ind2="2">
    <subfield code="4">570</subfield>
    <subfield code="a">&#x418;&#x43D;&#x441;&#x442;&#x438;&#x442;&#x443;&#x442; &#x438;&#x441;&#x442;&#x43E;&#x440;&#x438;&#x438;, &#x44F;&#x437;&#x44B;&#x43A;&#x430; &#x438; &#x43B;&#x438;&#x442;&#x435;&#x440;&#x430;&#x442;&#x443;&#x440;&#x44B;</subfield>
    <subfield code="c">&#x423;&#x444;&#x430;</subfield>
    <subfield code="3">RU\NLR\AUTH\889928888</subfield>
    <subfield code="9">353334</subfield>
  </datafield>
  <datafield tag="801" ind1=" " ind2="0">
    <subfield code="a">RU</subfield>
    <subfield code="b">NLR</subfield>
    <subfield code="c">20080204</subfield>
    <subfield code="g">RCR</subfield>
  </datafield>
  <datafield tag="801" ind1=" " ind2="1">
    <subfield code="a">RU</subfield>
    <subfield code="b">NLR</subfield>
    <subfield code="c">20080204</subfield>
  </datafield>
  <datafield tag="830" ind1=" " ind2=" ">
    <subfield code="a">&#x440;&#x435;&#x434;. &#x43F;&#x43E; &#x43A;&#x43D;.</subfield>
  </datafield>
  <datafield tag="852" ind1=" " ind2=" ">
    <subfield code="a">NLR</subfield>
    <subfield code="j">2007-3/2664</subfield>
  </datafield>
  <datafield tag="942" ind1=" " ind2=" ">
    <subfield code="c">BOOK</subfield>
  </datafield>
</record>
